Three Word Number 1 Singles - Statistics

General Stats
  • This quiz has been taken 27 times
  • The average score is 5 of 15
Answer Stats
Hint Answer % Correct
Gloria Gaynor - 1979 I Will Survive
81%
Blondie - 1979 Heart Of Glass
52%
Wings - 1977 Mull Of Kintyre
52%
T.Rex - 1971 Get it On
48%
Donna Summer - 1977 I Feel Love
48%
Pet Shop Boys - 1986 West End Girls
48%
The Beatles - 1963 She Loves You
43%
Midge Ure - 1985 If I Was
33%
Take That - 1995 Back For Good
24%
Lady Gaga & Ariana Grande - 2020 Rain On Me
19%
Madonna - 1985 Into The Groove
14%
Cilla Black - 1964 You're My World
14%
Cliff Richard & The Shadows - 1960 Please Don't Tease
5%
LF System - 2022 Afraid To Feel
0%
Brian McFadden - 2004 Real To Me
0%
No matching quizzes found
Score Distribution
Percent of People with Each Score
Percentile by Number Answered
Your Score History
You have not taken this quiz